Chudoba a jej prejavy vo svete diplomová práca

Na minha lista:
Detalhes bibliográficos
Autor principal: Čeredejev, Ivan
Autor Corporativo: Národohospodárska fakulta EU. Katedra sociálneho rozvoja a práce
Outros Autores: Dudová, Iveta
Formato: Livro
Idioma:eslovaco
Publicado em: Bratislava 2010
Tags: Adicionar Tag
Sem tags, seja o primeiro a adicionar uma tag!

MARC

LEADER 00000nam a2200000 4500
001 0118366
005 20240318122252.9
041 0 |a slo 
044 |a SK 
245 1 0 |a Chudoba a jej prejavy vo svete  |b diplomová práca  |c Ivan Čeredejev ; škol. Iveta Dudová 
264 1 |a Bratislava  |c 2010 
300 |a 109 s. 
100 1 |a Čeredejev, Ivan 
700 1 |a Dudová, Iveta 
710 2 |a Národohospodárska fakulta EU. Katedra sociálneho rozvoja a práce